000 00593nam a22002177a 4500
999 _c166773
_d166773
005 20190807183023.0
008 190807b ||||| |||| 00| 0 eng d
010 _aB-159981
020 _a817341355x
_c195.00
035 _aB-159981
037 _bBPPD/PUB
040 _adpl
_ben
050 _aN
082 _aN
100 _aBurney, Aziz
245 _aPratikriya( reaction of action/
_cby Aziz Burney
260 _aDelhi
_bIndian Publishers' Distributors
_c2004
270 _a156-D, KamlaNagar,
_bDelhi
_e110007
_k011-23846233
300 _a126p
_c22cm(hb)
942 _2ddc
_cEN
_hN
_mBUR